[Event "April 9 Early 2024"]
[Site "Chess.com"]
[Date "2024.04.09"]
[Round "2"]
[White "Tulchynskyi, Feliks"]
[Black "Matveeva, Olga"]
[Result "1-0"]
[Board "196"]
[WhiteFideId "34127895"]
[BlackFideId "24107018"]
[WhiteTitle "FM"]
[BlackTitle "WIM"]
[WhiteElo "2604"]
[BlackElo "2362"]
[WhiteTeam "UKR"]
[BlackTeam "RUS"]
[WhiteClock "0:00:44"]
[BlackClock "0:00:10"]
[Variant "Standard"]

1. e4 {[%clk 0:03:00]}  c6 {[%clk 0:02:59]} 2. c4 {[%clk 0:02:58]}  d5 {[%clk 0:02:59]} 3. exd5 {[%clk 0:02:58]}  cxd5 {[%clk 0:03:00]} 4. d4 {[%clk 0:02:59]}  Nf6 {[%clk 0:02:59]} 5. Nc3 {[%clk 0:02:59]}  Nc6 {[%clk 0:03:00]} 6. Nf3 {[%clk 0:02:59]}  a6 {[%clk 0:02:57]} 7. c5 {[%clk 0:02:58]}  g6 {[%clk 0:02:56]} 8. Be2 {[%clk 0:02:55]}  Bg7 {[%clk 0:02:56]} 9. O-O {[%clk 0:02:56]}  O-O {[%clk 0:02:57]} 10. Rb1 {[%clk 0:02:56]}  Ne4 {[%clk 0:02:56]} 11. Be3 {[%clk 0:02:54]}  b6 {[%clk 0:02:41]} 12. cxb6 {[%clk 0:02:52]}  Nxc3 {[%clk 0:02:22]} 13. bxc3 {[%clk 0:02:50]}  Rb8 {[%clk 0:02:22]} 14. Qb3 {[%clk 0:02:37]}  Na5 {[%clk 0:02:20]} 15. Qb4 {[%clk 0:02:37]}  Nc6 {[%clk 0:02:12]} 16. Qc5 {[%clk 0:02:36]}  Bb7 {[%clk 0:02:03]} 17. c4 {[%clk 0:02:30]}  dxc4 {[%clk 0:01:58]} 18. Qxc4 {[%clk 0:02:17]}  e5 {[%clk 0:01:47]} 19. dxe5 {[%clk 0:02:00]}  Nxe5 {[%clk 0:01:48]} 20. Nxe5 {[%clk 0:01:58]}  Bxe5 {[%clk 0:01:49]} 21. Rfd1 {[%clk 0:01:57]}  Qf6 {[%clk 0:01:43]} 22. Qg4 {[%clk 0:01:50]}  Rfe8 {[%clk 0:01:33]} 23. h4 {[%clk 0:01:48]}  h5 {[%clk 0:01:32]} 24. Qg5 {[%clk 0:01:45]}  Qc6 {[%clk 0:01:12]} 25. Bf3 {[%clk 0:01:40]}  Qc2 {[%clk 0:01:09]} 26. Bxh5 {[%clk 0:01:30]}  Bg7 {[%clk 0:00:49]} 27. Bg4 {[%clk 0:01:26]}  Re5 {[%clk 0:00:36]} 28. Qf4 {[%clk 0:01:22]}  Rbe8 {[%clk 0:00:37]} 29. Bf3 {[%clk 0:01:15]}  Rf5 {[%clk 0:00:33]} 30. Rbc1 {[%clk 0:01:02]}  Qxa2 {[%clk 0:00:29]} 31. Qc7 {[%clk 0:00:57]}  Bxf3 {[%clk 0:00:28]} 32. gxf3 {[%clk 0:00:56]}  Rxf3 {[%clk 0:00:23]} 33. b7 {[%clk 0:00:51]}  Be5 {[%clk 0:00:17]} 34. Qxe5 {[%clk 0:00:44]}  Rxe5 {[%clk 0:00:14]} 35. b8=Q+ {[%clk 0:00:44]}  Kh7 {[%clk 0:00:10]} 36. Qxe5 {[%clk 0:00:44]} 1-0

[Event "April 9 Early 2024"]
[Site "Chess.com"]
[Date "2024.04.09"]
[Round "2"]
[White "Bartel, Michal"]
[Black "Cruz, William Ferreira Da"]
[Result "1-0"]
[Board "198"]
[WhiteFideId "1119257"]
[BlackFideId "2118050"]
[WhiteTitle "FM"]
[BlackTitle "FM"]
[WhiteElo "2582"]
[BlackElo "2360"]
[WhiteTeam "POL"]
[BlackTeam "BRA"]
[WhiteClock "0:01:19"]
[BlackClock "0:00:11"]
[Variant "Standard"]

1. e4 {[%clk 0:02:59]}  e6 {[%clk 0:03:00]} 2. Nc3 {[%clk 0:02:58]}  d5 {[%clk 0:03:00]} 3. d4 {[%clk 0:02:58]}  Nf6 {[%clk 0:02:59]} 4. e5 {[%clk 0:02:58]}  Nfd7 {[%clk 0:02:59]} 5. Nce2 {[%clk 0:02:59]}  c5 {[%clk 0:02:58]} 6. c3 {[%clk 0:03:00]}  Nc6 {[%clk 0:02:58]} 7. Nf3 {[%clk 0:02:59]}  cxd4 {[%clk 0:02:55]} 8. cxd4 {[%clk 0:03:00]}  Bb4+ {[%clk 0:02:49]} 9. Nc3 {[%clk 0:02:58]}  f6 {[%clk 0:02:47]} 10. Bb5 {[%clk 0:02:49]}  fxe5 {[%clk 0:02:43]} 11. dxe5 {[%clk 0:02:41]}  Qb6 {[%clk 0:02:26]} 12. Bxc6 {[%clk 0:02:40]}  bxc6 {[%clk 0:02:23]} 13. O-O {[%clk 0:02:35]}  O-O {[%clk 0:02:10]} 14. Be3 {[%clk 0:02:30]}  c5 {[%clk 0:02:08]} 15. Nxd5 {[%clk 0:02:24]}  exd5 {[%clk 0:01:56]} 16. Qxd5+ {[%clk 0:02:25]}  Kh8 {[%clk 0:01:56]} 17. e6 {[%clk 0:02:17]}  Bb7 {[%clk 0:01:30]} 18. Qxd7 {[%clk 0:02:13]}  Bc6 {[%clk 0:01:17]} 19. Qd6 {[%clk 0:02:04]}  Rfd8 {[%clk 0:00:32]} 20. Qe5 {[%clk 0:01:57]}  Bxf3 {[%clk 0:00:27]} 21. gxf3 {[%clk 0:01:58]}  Re8 {[%clk 0:00:27]} 22. e7 {[%clk 0:01:58]}  Qb7 {[%clk 0:00:23]} 23. Bg5 {[%clk 0:01:52]}  Qxf3 {[%clk 0:00:22]} 24. Qg3 {[%clk 0:01:48]}  Qf7 {[%clk 0:00:20]} 25. a3 {[%clk 0:01:47]}  Ba5 {[%clk 0:00:20]} 26. f4 {[%clk 0:01:36]}  Bd2 {[%clk 0:00:19]} 27. Rad1 {[%clk 0:01:34]}  Ba5 {[%clk 0:00:18]} 28. Rf3 {[%clk 0:01:27]}  c4 {[%clk 0:00:18]} 29. Kh1 {[%clk 0:01:25]}  Bb6 {[%clk 0:00:18]} 30. f5 {[%clk 0:01:21]}  h6 {[%clk 0:00:18]} 31. Bh4 {[%clk 0:01:21]}  Bc5 {[%clk 0:00:15]} 32. f6 {[%clk 0:01:21]}  g5 {[%clk 0:00:14]} 33. Bxg5 {[%clk 0:01:22]}  hxg5 {[%clk 0:00:14]} 34. Qxg5 {[%clk 0:01:21]}  Qe6 {[%clk 0:00:11]} 35. Qg7# {[%clk 0:01:19]} 1-0

[Event "April 9 Early 2024"]
[Site "Chess.com"]
[Date "2024.04.09"]
[Round "2"]
[White "Travkina, Anastasia"]
[Black "Carbone, Diego"]
[Result "0-1"]
[Board "199"]
[WhiteFideId "24129151"]
[BlackFideId "3002179"]
[WhiteTitle "WIM"]
[BlackTitle "FM"]
[WhiteElo "2357"]
[BlackElo "2572"]
[WhiteTeam "RUS"]
[BlackTeam "URU"]
[WhiteClock "0:00:19"]
[BlackClock "0:00:14"]
[Variant "Standard"]

1. e4 {[%clk 0:03:00]}  c5 {[%clk 0:02:57]} 2. Nf3 {[%clk 0:03:00]}  Nc6 {[%clk 0:02:57]} 3. d4 {[%clk 0:02:59]}  cxd4 {[%clk 0:02:58]} 4. Nxd4 {[%clk 0:02:59]}  e6 {[%clk 0:02:54]} 5. Nc3 {[%clk 0:02:59]}  Qc7 {[%clk 0:02:54]} 6. Be3 {[%clk 0:02:56]}  a6 {[%clk 0:02:54]} 7. Be2 {[%clk 0:02:54]}  Nf6 {[%clk 0:02:53]} 8. O-O {[%clk 0:02:52]}  Bb4 {[%clk 0:02:53]} 9. f3 {[%clk 0:02:43]}  Ne5 {[%clk 0:02:50]} 10. Bf2 {[%clk 0:02:26]}  b5 {[%clk 0:02:43]} 11. h3 {[%clk 0:02:07]}  d6 {[%clk 0:02:38]} 12. f4 {[%clk 0:02:06]}  Nc4 {[%clk 0:02:36]} 13. Bxc4 {[%clk 0:02:03]}  Qxc4 {[%clk 0:02:36]} 14. e5 {[%clk 0:01:38]}  Bxc3 {[%clk 0:02:10]} 15. exf6 {[%clk 0:01:20]}  Bxb2 {[%clk 0:02:09]} 16. fxg7 {[%clk 0:01:17]}  Rg8 {[%clk 0:02:09]} 17. Rb1 {[%clk 0:01:14]}  Bc3 {[%clk 0:02:03]} 18. Rb3 {[%clk 0:01:11]}  Bb7 {[%clk 0:01:47]} 19. Rxc3 {[%clk 0:01:02]}  Qxc3 {[%clk 0:01:42]} 20. Nxe6 {[%clk 0:01:02]}  fxe6 {[%clk 0:01:16]} 21. Qh5+ {[%clk 0:01:01]}  Kd7 {[%clk 0:01:15]} 22. Qf7+ {[%clk 0:00:59]}  Kc6 {[%clk 0:01:15]} 23. Qxe6 {[%clk 0:00:30]}  Qxg7 {[%clk 0:01:08]} 24. g4 {[%clk 0:00:28]}  Rae8 {[%clk 0:00:58]} 25. Qb3 {[%clk 0:00:25]}  Kc7 {[%clk 0:00:50]} 26. a4 {[%clk 0:00:21]}  h5 {[%clk 0:00:44]} 27. g5 {[%clk 0:00:21]}  Qd7 {[%clk 0:00:33]} 28. Kh2 {[%clk 0:00:20]}  Qc6 {[%clk 0:00:33]} 29. Rg1 {[%clk 0:00:20]}  Re2 {[%clk 0:00:32]} 30. Qg3 {[%clk 0:00:20]}  h4 {[%clk 0:00:24]} 31. Qxh4 {[%clk 0:00:20]}  Rh8 {[%clk 0:00:23]} 32. Qg3 {[%clk 0:00:20]}  Qxc2 {[%clk 0:00:18]} 33. Rf1 {[%clk 0:00:20]}  Qe4 {[%clk 0:00:15]} 34. h4 {[%clk 0:00:20]}  Rf8 {[%clk 0:00:14]} 35. g6 {[%clk 0:00:20]}  Rxf4 {[%clk 0:00:14]} 36. g7 {[%clk 0:00:20]}  Rxh4+ {[%clk 0:00:14]} 37. Qxh4 {[%clk 0:00:19]}  Qxh4+ {[%clk 0:00:14]} 0-1

[Event "April 9 Early 2024"]
[Site "Chess.com"]
[Date "2024.04.09"]
[Round "2"]
[White "Pavlov, Nikolay"]
[Black "Tarasova, Viktoriya"]
[Result "1-0"]
[Board "200"]
[WhiteFideId "24141470"]
[BlackFideId "4175840"]
[WhiteTitle "FM"]
[BlackTitle "WIM"]
[WhiteElo "2570"]
[BlackElo "2351"]
[WhiteTeam "RUS"]
[BlackTeam "RUS"]
[WhiteClock "0:00:32"]
[BlackClock "0:01:09"]
[Variant "Standard"]

1. e4 {[%clk 0:03:00]}  e6 {[%clk 0:02:57]} 2. d4 {[%clk 0:03:00]}  d5 {[%clk 0:02:55]} 3. Nc3 {[%clk 0:03:00]}  Bb4 {[%clk 0:02:53]} 4. exd5 {[%clk 0:02:59]}  exd5 {[%clk 0:02:52]} 5. Bd3 {[%clk 0:03:00]}  Nf6 {[%clk 0:02:52]} 6. a3 {[%clk 0:02:55]}  Be7 {[%clk 0:02:46]} 7. Nf3 {[%clk 0:02:44]}  O-O {[%clk 0:02:46]} 8. O-O {[%clk 0:02:44]}  Bg4 {[%clk 0:02:45]} 9. h3 {[%clk 0:02:43]}  Bh5 {[%clk 0:02:45]} 10. g4 {[%clk 0:02:40]}  Bg6 {[%clk 0:02:44]} 11. Ne5 {[%clk 0:02:36]}  Nbd7 {[%clk 0:02:42]} 12. f4 {[%clk 0:02:35]}  Bxd3 {[%clk 0:02:42]} 13. Qxd3 {[%clk 0:02:35]}  c6 {[%clk 0:02:37]} 14. Bd2 {[%clk 0:02:31]}  Ne8 {[%clk 0:02:37]} 15. Rae1 {[%clk 0:02:26]}  f6 {[%clk 0:02:36]} 16. Nf3 {[%clk 0:02:25]}  Nd6 {[%clk 0:02:34]} 17. f5 {[%clk 0:02:20]}  Nc4 {[%clk 0:02:33]} 18. Bc1 {[%clk 0:02:18]}  Bd6 {[%clk 0:02:29]} 19. Re6 {[%clk 0:02:18]}  Bb8 {[%clk 0:02:24]} 20. b3 {[%clk 0:02:15]}  Ncb6 {[%clk 0:02:20]} 21. Rfe1 {[%clk 0:02:10]}  Qc7 {[%clk 0:02:20]} 22. Ne2 {[%clk 0:02:03]}  Qd8 {[%clk 0:02:05]} 23. Nf4 {[%clk 0:02:00]}  Bxf4 {[%clk 0:02:04]} 24. Bxf4 {[%clk 0:01:59]}  c5 {[%clk 0:02:01]} 25. Bd6 {[%clk 0:01:57]}  c4 {[%clk 0:01:57]} 26. Qe3 {[%clk 0:01:44]}  cxb3 {[%clk 0:01:48]} 27. cxb3 {[%clk 0:01:40]}  a5 {[%clk 0:01:44]} 28. Bxf8 {[%clk 0:01:32]}  Nxf8 {[%clk 0:01:44]} 29. Re8 {[%clk 0:01:30]}  Qc7 {[%clk 0:01:44]} 30. Kg2 {[%clk 0:01:17]}  Rxe8 {[%clk 0:01:40]} 31. Qxe8 {[%clk 0:01:17]}  Qc2+ {[%clk 0:01:41]} 32. Re2 {[%clk 0:01:13]}  Qxb3 {[%clk 0:01:40]} 33. g5 {[%clk 0:01:13]}  fxg5 {[%clk 0:01:32]} 34. Nxg5 {[%clk 0:01:10]}  Qxa3 {[%clk 0:01:28]} 35. f6 {[%clk 0:00:56]}  gxf6 {[%clk 0:01:27]} 36. Qf7+ {[%clk 0:00:50]}  Kh8 {[%clk 0:01:26]} 37. Qxf6+ {[%clk 0:00:49]}  Kg8 {[%clk 0:01:26]} 38. Qxb6 {[%clk 0:00:42]}  Qd3 {[%clk 0:01:24]} 39. Rf2 {[%clk 0:00:33]}  h6 {[%clk 0:01:14]} 40. Rxf8+ {[%clk 0:00:30]}  Kxf8 {[%clk 0:01:14]} 41. Qf6+ {[%clk 0:00:30]}  Ke8 {[%clk 0:01:13]} 42. Qf7+ {[%clk 0:00:31]}  Kd8 {[%clk 0:01:09]} 43. Ne6+ {[%clk 0:00:32]} 1-0

[Event "April 9 Early 2024"]
[Site "Chess.com"]
[Date "2024.04.09"]
[Round "2"]
[White "Wacker, Peter"]
[Black "Play, Gilles"]
[Result "0-1"]
[Board "208"]
[WhiteFideId "4615751"]
[BlackFideId "45130892"]
[WhiteTitle "FM"]
[WhiteElo "2342"]
[BlackElo "2551"]
[WhiteTeam "GER"]
[BlackTeam "FRA"]
[WhiteClock "0:00:23"]
[BlackClock "0:00:06"]
[Variant "Standard"]

1. e4 {[%clk 0:03:00]}  e5 {[%clk 0:02:58]} 2. Nf3 {[%clk 0:03:00]}  Nc6 {[%clk 0:02:58]} 3. Bc4 {[%clk 0:03:00]}  Nf6 {[%clk 0:02:57]} 4. d3 {[%clk 0:02:58]}  h6 {[%clk 0:02:56]} 5. a3 {[%clk 0:02:56]}  d6 {[%clk 0:02:51]} 6. Nc3 {[%clk 0:02:57]}  g5 {[%clk 0:02:46]} 7. Be3 {[%clk 0:02:53]}  Bg7 {[%clk 0:02:35]} 8. h4 {[%clk 0:02:52]}  g4 {[%clk 0:02:33]} 9. Nh2 {[%clk 0:02:49]}  Qe7 {[%clk 0:02:20]} 10. Nf1 {[%clk 0:02:48]}  Be6 {[%clk 0:02:19]} 11. Ng3 {[%clk 0:02:42]}  O-O-O {[%clk 0:02:08]} 12. Nd5 {[%clk 0:02:37]}  Qd7 {[%clk 0:01:57]} 13. Nxf6 {[%clk 0:02:20]}  Bxf6 {[%clk 0:01:58]} 14. Qd2 {[%clk 0:02:18]}  d5 {[%clk 0:01:46]} 15. exd5 {[%clk 0:02:14]}  Bxd5 {[%clk 0:01:45]} 16. Bxd5 {[%clk 0:02:14]}  Qxd5 {[%clk 0:01:46]} 17. O-O-O {[%clk 0:02:13]}  Qa2 {[%clk 0:01:44]} 18. c3 {[%clk 0:02:12]}  Na5 {[%clk 0:01:40]} 19. Kc2 {[%clk 0:02:09]}  Nc4 {[%clk 0:01:24]} 20. Qc1 {[%clk 0:02:02]}  Nxa3+ {[%clk 0:01:20]} 21. Kd2 {[%clk 0:02:02]}  Nc4+ {[%clk 0:01:21]} 22. Ke2 {[%clk 0:02:03]}  Qxb2+ {[%clk 0:01:09]} 23. Qxb2 {[%clk 0:02:02]}  Nxb2 {[%clk 0:01:10]} 24. Rd2 {[%clk 0:02:02]}  Na4 {[%clk 0:01:07]} 25. Rc2 {[%clk 0:02:01]}  Nb6 {[%clk 0:00:55]} 26. Nf5 {[%clk 0:01:56]}  Nd5 {[%clk 0:00:52]} 27. c4 {[%clk 0:01:47]}  Nf4+ {[%clk 0:00:51]} 28. Bxf4 {[%clk 0:01:42]}  exf4 {[%clk 0:00:52]} 29. Kd2 {[%clk 0:01:13]}  Rd7 {[%clk 0:00:49]} 30. Ra2 {[%clk 0:01:07]}  a6 {[%clk 0:00:44]} 31. Re1 {[%clk 0:01:00]}  h5 {[%clk 0:00:37]} 32. g3 {[%clk 0:00:58]}  Rhd8 {[%clk 0:00:32]} 33. Ra3 {[%clk 0:00:57]}  f3 {[%clk 0:00:25]} 34. Kc2 {[%clk 0:00:53]}  Bd4 {[%clk 0:00:22]} 35. Nxd4 {[%clk 0:00:53]}  Rxd4 {[%clk 0:00:23]} 36. Re5 {[%clk 0:00:53]}  R4d6 {[%clk 0:00:20]} 37. Rc3 {[%clk 0:00:44]}  Re6 {[%clk 0:00:18]} 38. Rxe6 {[%clk 0:00:44]}  fxe6 {[%clk 0:00:19]} 39. Kd2 {[%clk 0:00:45]}  e5 {[%clk 0:00:18]} 40. Ke3 {[%clk 0:00:45]}  Rd4 {[%clk 0:00:18]} 41. Ra3 {[%clk 0:00:45]}  Kd7 {[%clk 0:00:17]} 42. Ra5 {[%clk 0:00:44]}  Kd6 {[%clk 0:00:17]} 43. Ra4 {[%clk 0:00:39]}  c5 {[%clk 0:00:16]} 44. Ra3 {[%clk 0:00:37]}  e4 {[%clk 0:00:16]} 45. dxe4 {[%clk 0:00:36]}  Rxc4 {[%clk 0:00:16]} 46. Kf4 {[%clk 0:00:31]}  Rc2 {[%clk 0:00:15]} 47. e5+ {[%clk 0:00:27]}  Ke6 {[%clk 0:00:12]} 48. Rb3 {[%clk 0:00:27]}  b5 {[%clk 0:00:11]} 49. Ra3 {[%clk 0:00:27]}  Rc4+ {[%clk 0:00:10]} 50. Kg5 {[%clk 0:00:27]}  Ra4 {[%clk 0:00:11]} 51. Re3 {[%clk 0:00:26]}  c4 {[%clk 0:00:09]} 52. Kxh5 {[%clk 0:00:27]}  b4 {[%clk 0:00:09]} 53. Kg5 {[%clk 0:00:26]}  c3 {[%clk 0:00:08]} 54. h5 {[%clk 0:00:26]}  c2 {[%clk 0:00:09]} 55. Re1 {[%clk 0:00:26]}  b3 {[%clk 0:00:06]} 56. h6 {[%clk 0:00:27]}  Re4 {[%clk 0:00:06]} 57. h7 {[%clk 0:00:26]}  Rxe1 {[%clk 0:00:06]} 58. h8=Q {[%clk 0:00:25]}  c1=Q+ {[%clk 0:00:07]} 59. Kxg4 {[%clk 0:00:23]}  Qc4+ {[%clk 0:00:06]} 60. Kxf3 {[%clk 0:00:23]}  Qe4# {[%clk 0:00:06]} 0-1

[Event "April 9 Early 2024"]
[Site "Chess.com"]
[Date "2024.04.09"]
[Round "2"]
[White "Vladimir Chernikov"]
[Black "Kujawski, Adam"]
[Result "0-1"]
[Board "209"]
[WhiteFideId "14112914"]
[BlackFideId "1100920"]
[WhiteTitle "FM"]
[BlackTitle "FM"]
[WhiteElo "2551"]
[BlackElo "2339"]
[WhiteTeam "UKR"]
[BlackTeam "POL"]
[WhiteClock "0:00:00"]
[BlackClock "0:00:16"]
[Variant "Standard"]

1. d4 {[%clk 0:03:00]}  g6 {[%clk 0:03:00]} 2. Nf3 {[%clk 0:02:59]}  Bg7 {[%clk 0:03:00]} 3. e4 {[%clk 0:02:58]}  b6 {[%clk 0:03:00]} 4. Nbd2 {[%clk 0:02:56]}  Bb7 {[%clk 0:03:00]} 5. Bd3 {[%clk 0:02:56]}  d6 {[%clk 0:03:00]} 6. c3 {[%clk 0:02:56]}  e6 {[%clk 0:03:00]} 7. O-O {[%clk 0:02:56]}  Nd7 {[%clk 0:03:00]} 8. a4 {[%clk 0:02:56]}  a6 {[%clk 0:02:59]} 9. a5 {[%clk 0:02:53]}  b5 {[%clk 0:02:59]} 10. c4 {[%clk 0:02:54]}  b4 {[%clk 0:02:48]} 11. b3 {[%clk 0:02:48]}  c5 {[%clk 0:02:47]} 12. Bb2 {[%clk 0:02:48]}  Ne7 {[%clk 0:02:29]} 13. Qc2 {[%clk 0:02:47]}  e5 {[%clk 0:02:26]} 14. d5 {[%clk 0:02:44]}  O-O {[%clk 0:02:24]} 15. Ne1 {[%clk 0:02:42]}  f5 {[%clk 0:02:23]} 16. f4 {[%clk 0:02:41]}  exf4 {[%clk 0:02:19]} 17. Bxg7 {[%clk 0:02:39]}  Kxg7 {[%clk 0:02:19]} 18. Rxf4 {[%clk 0:02:34]}  g5 {[%clk 0:02:11]} 19. Rxf5 {[%clk 0:02:14]}  Nxf5 {[%clk 0:02:10]} 20. exf5 {[%clk 0:02:15]}  Nf6 {[%clk 0:02:07]} 21. Nef3 {[%clk 0:02:12]}  h6 {[%clk 0:02:06]} 22. Re1 {[%clk 0:02:10]}  Re8 {[%clk 0:01:55]} 23. Qc1 {[%clk 0:01:40]}  Rxe1+ {[%clk 0:01:51]} 24. Qxe1 {[%clk 0:01:40]}  Qe8 {[%clk 0:01:49]} 25. Qf2 {[%clk 0:01:24]}  Ng4 {[%clk 0:01:33]} 26. f6+ {[%clk 0:01:07]}  Kh8 {[%clk 0:01:07]} 27. f7 {[%clk 0:00:56]}  Qe7 {[%clk 0:00:45]} 28. Qe2 {[%clk 0:00:42]}  Qxe2 {[%clk 0:00:44]} 29. Bxe2 {[%clk 0:00:43]}  Rf8 {[%clk 0:00:41]} 30. Nxg5 {[%clk 0:00:40]}  hxg5 {[%clk 0:00:41]} 31. Bxg4 {[%clk 0:00:39]}  Rxf7 {[%clk 0:00:41]} 32. Ne4 {[%clk 0:00:39]}  Rf4 {[%clk 0:00:31]} 33. Nxd6 {[%clk 0:00:25]}  Bxd5 {[%clk 0:00:29]} 34. Bc8 {[%clk 0:00:14]}  Bg8 {[%clk 0:00:23]} 35. g3 {[%clk 0:00:08]}  Rd4 {[%clk 0:00:22]} 36. Nf5 {[%clk 0:00:05]}  Rd3 {[%clk 0:00:20]} 37. Bxa6 {[%clk 0:00:05]}  Rxb3 {[%clk 0:00:20]} 38. Bb7 {[%clk 0:00:03]}  Bxc4 {[%clk 0:00:19]} 39. a6 {[%clk 0:00:03]}  Ra3 {[%clk 0:00:19]} 40. Nd6 {[%clk 0:00:02]}  Bxa6 {[%clk 0:00:18]} 41. Bd5 {[%clk 0:00:00]}  b3 {[%clk 0:00:16]} 0-1

[Event "April 9 Early 2024"]
[Site "Chess.com"]
[Date "2024.04.09"]
[Round "2"]
[White "Chabris, Christopher"]
[Black "Andreev, Konstantin"]
[Result "1/2-1/2"]
[Board "211"]
[WhiteFideId "2005263"]
[BlackFideId "24239305"]
[WhiteTitle "CM"]
[BlackTitle "FM"]
[WhiteElo "2339"]
[BlackElo "2550"]
[WhiteTeam "USA"]
[BlackTeam "ITA"]
[WhiteClock "0:00:13"]
[BlackClock "0:00:04"]
[Variant "Standard"]

1. e4 {[%clk 0:03:00]}  c5 {[%clk 0:02:58]} 2. Nf3 {[%clk 0:03:00]}  e6 {[%clk 0:02:57]} 3. d4 {[%clk 0:03:00]}  cxd4 {[%clk 0:02:57]} 4. Nxd4 {[%clk 0:02:59]}  Nc6 {[%clk 0:02:34]} 5. Nc3 {[%clk 0:02:58]}  Qc7 {[%clk 0:02:19]} 6. g3 {[%clk 0:02:55]}  a6 {[%clk 0:02:03]} 7. Bg2 {[%clk 0:02:55]}  Nf6 {[%clk 0:02:03]} 8. O-O {[%clk 0:02:55]}  Nxd4 {[%clk 0:02:03]} 9. Qxd4 {[%clk 0:02:55]}  Bc5 {[%clk 0:02:04]} 10. Bf4 {[%clk 0:02:53]}  d6 {[%clk 0:02:00]} 11. Qd2 {[%clk 0:02:52]}  h6 {[%clk 0:02:00]} 12. Rad1 {[%clk 0:02:46]}  e5 {[%clk 0:01:53]} 13. Be3 {[%clk 0:02:45]}  Bxe3 {[%clk 0:01:54]} 14. Qxe3 {[%clk 0:02:38]}  Bd7 {[%clk 0:01:53]} 15. h3 {[%clk 0:02:11]}  b5 {[%clk 0:01:46]} 16. Nd5 {[%clk 0:02:02]}  Nxd5 {[%clk 0:01:45]} 17. exd5 {[%clk 0:02:02]}  Qxc2 {[%clk 0:01:42]} 18. Rc1 {[%clk 0:01:57]}  Qg6 {[%clk 0:01:36]} 19. Rc7 {[%clk 0:01:53]}  Rc8 {[%clk 0:01:31]} 20. Rfc1 {[%clk 0:01:50]}  Ke7 {[%clk 0:01:27]} 21. Qa7 {[%clk 0:01:36]}  Rxc7 {[%clk 0:01:20]} 22. Rxc7 {[%clk 0:01:34]}  Rd8 {[%clk 0:01:19]} 23. h4 {[%clk 0:01:19]}  Ke8 {[%clk 0:00:51]} 24. Qxa6 {[%clk 0:01:09]}  f5 {[%clk 0:00:50]} 25. Bf1 {[%clk 0:01:05]}  f4 {[%clk 0:00:45]} 26. Kh2 {[%clk 0:00:55]}  fxg3+ {[%clk 0:00:37]} 27. fxg3 {[%clk 0:00:56]}  Qf5 {[%clk 0:00:36]} 28. Qxd6 {[%clk 0:00:49]}  Qxf1 {[%clk 0:00:31]} 29. Qxe5+ {[%clk 0:00:48]}  Kf8 {[%clk 0:00:30]} 30. Qd6+ {[%clk 0:00:45]}  Kg8 {[%clk 0:00:28]} 31. Rxd7 {[%clk 0:00:43]}  Qf2+ {[%clk 0:00:22]} 32. Kh1 {[%clk 0:00:43]}  Re8 {[%clk 0:00:08]} 33. Rd8 {[%clk 0:00:36]}  Qf1+ {[%clk 0:00:07]} 34. Kh2 {[%clk 0:00:36]}  Qf2+ {[%clk 0:00:07]} 35. Kh3 {[%clk 0:00:33]}  Qf1+ {[%clk 0:00:05]} 36. Kh2 {[%clk 0:00:15]}  Qe2+ {[%clk 0:00:04]} 37. Kh3 {[%clk 0:00:13]}  Qf1+ {[%clk 0:00:04]} 38. Kh2 {[%clk 0:00:13]} 1/2-1/2

[Event "April 9 Early 2024"]
[Site "Chess.com"]
[Date "2024.04.09"]
[Round "2"]
[White "Trakru, Rohun"]
[Black "Larina, Maria"]
[Result "0-1"]
[Board "217"]
[WhiteFideId "2097613"]
[BlackFideId "24113182"]
[WhiteTitle "CM"]
[BlackTitle "WFM"]
[WhiteElo "2541"]
[BlackElo "2327"]
[WhiteTeam "USA"]
[BlackTeam "FID"]
[WhiteClock "0:00:18"]
[BlackClock "0:00:37"]
[Variant "Standard"]

1. e4 {[%clk 0:02:24]}  c6 {[%clk 0:02:59]} 2. d4 {[%clk 0:02:24]}  d5 {[%clk 0:03:00]} 3. exd5 {[%clk 0:02:25]}  cxd5 {[%clk 0:03:01]} 4. Nf3 {[%clk 0:02:25]}  Nc6 {[%clk 0:02:59]} 5. Ne5 {[%clk 0:02:26]}  Nxe5 {[%clk 0:02:27]} 6. dxe5 {[%clk 0:02:25]}  e6 {[%clk 0:02:27]} 7. Bd3 {[%clk 0:02:22]}  Bc5 {[%clk 0:02:26]} 8. O-O {[%clk 0:02:16]}  Ne7 {[%clk 0:02:23]} 9. c3 {[%clk 0:02:11]}  a6 {[%clk 0:02:23]} 10. Bg5 {[%clk 0:02:02]}  Qc7 {[%clk 0:02:20]} 11. Qe2 {[%clk 0:01:58]}  h6 {[%clk 0:02:18]} 12. Be3 {[%clk 0:01:53]}  b5 {[%clk 0:02:17]} 13. Nd2 {[%clk 0:01:52]}  O-O {[%clk 0:02:05]} 14. f4 {[%clk 0:01:49]}  Qb6 {[%clk 0:01:58]} 15. Bxc5 {[%clk 0:01:47]}  Qxc5+ {[%clk 0:01:59]} 16. Qf2 {[%clk 0:01:48]}  Qxf2+ {[%clk 0:01:59]} 17. Kxf2 {[%clk 0:01:48]}  Bb7 {[%clk 0:01:54]} 18. Ke3 {[%clk 0:01:38]}  Rfd8 {[%clk 0:01:52]} 19. Nb3 {[%clk 0:01:38]}  Rac8 {[%clk 0:01:50]} 20. g4 {[%clk 0:01:36]}  Nc6 {[%clk 0:01:46]} 21. Nd4 {[%clk 0:01:32]}  Na5 {[%clk 0:01:44]} 22. f5 {[%clk 0:01:31]}  exf5 {[%clk 0:01:40]} 23. gxf5 {[%clk 0:01:31]}  Nc4+ {[%clk 0:01:39]} 24. Bxc4 {[%clk 0:01:31]}  dxc4 {[%clk 0:01:40]} 25. Kf4 {[%clk 0:01:29]}  Rd5 {[%clk 0:01:37]} 26. Rae1 {[%clk 0:01:28]}  Re8 {[%clk 0:01:35]} 27. Re3 {[%clk 0:01:22]}  b4 {[%clk 0:01:35]} 28. Rfe1 {[%clk 0:01:22]}  a5 {[%clk 0:01:28]} 29. Rg1 {[%clk 0:01:14]}  Kh7 {[%clk 0:01:27]} 30. a3 {[%clk 0:01:05]}  bxc3 {[%clk 0:01:21]} 31. bxc3 {[%clk 0:01:06]}  g6 {[%clk 0:01:09]} 32. h4 {[%clk 0:00:58]}  Bc8 {[%clk 0:01:00]} 33. f6 {[%clk 0:00:54]}  Bd7 {[%clk 0:00:45]} 34. Rb1 {[%clk 0:00:54]}  Rg8 {[%clk 0:00:42]} 35. Rb7 {[%clk 0:00:49]}  g5+ {[%clk 0:00:39]} 36. hxg5 {[%clk 0:00:50]}  hxg5+ {[%clk 0:00:40]} 37. Kg3 {[%clk 0:00:49]}  Kg6 {[%clk 0:00:40]} 38. Rb6 {[%clk 0:00:35]}  Rh8 {[%clk 0:00:38]} 39. Rb2 {[%clk 0:00:23]}  Rh3+ {[%clk 0:00:37]} 40. Kf2 {[%clk 0:00:18]}  Rh2+ {[%clk 0:00:37]} 0-1